[Event "Leipzig VfB op 23rd"]
[Site "Leipzig"]
[Date "2016.03.17"]
[Round "5"]
[White "Roemgens, Marcel"]
[Black "Krongraf, Henryk"]
[Result "1-0"]
[WhiteElo "1669"]
[BlackElo "1738"]
[PlyCount "87"]
[EventDate "2016.03.15"]
[EventType "swiss"]
[EventRounds "9"]
[EventCountry "GER"]
[SourceTitle "EXT 2017"]
[Source "ChessBase"]
[SourceDate "2016.10.25"]
[SourceVersion "1"]
[SourceVersionDate "2016.10.25"]
[SourceQuality "1"]

1. d4 d6 2. Nf3 f5 3. c4 Nf6 4. Nc3 g6 5. g3 Bg7 6. Bg2 0-0 7. 0-0 Nc6 8. e3 e5 9. d5 Ne7 10. b4 e4 11. Nd4 c6 12. Qb3 a5 13. dxc6 bxc6 14. c5+ d5 15. b5 Rb8 16. b6 Kf7 17. Qa4 Ra8 18. Rb1 Ba6 19. Rd1 Bb7 20. Nce2 Nd7 21. Nb3 Ba6 22. Ned4 Bb7 23. Bf1 Qc8 24. Bd2 Bxd4 25. exd4 Ba6 26. Bxa6 Qxa6 27. Nxa5 Nb8 28. Qc2 Ke6 29. Qc3 f4 30. gxf4 g5 31. Qh3+ Nf5 32. fxg5 Rg8 33. Qg4 h6 34. h4 Qd3 35. Rb3 Qc2 36. Rbb1 Qxa2 37. Ra1 Qc2 38. g6 Kf6 39. h5 Nxd4 40. Bxh6 Nf3+ 41. Kg2 Rxa5 42. Qf4+ Ke6 43. Qf7+ Ke5 44. Bf4# 1-0